000 00439cam a22001337a 4500
008 180718b2000 xxu||||| |||| 00| 0 eng d
020 _a818696231X
082 _aT19x54 G918/98-2000 (R)
245 _aAlternative economic survey 1998-2000: two years of market fundamentalism
_cby Alternative Survey Group
260 _aDelhi
_bRainbow
_c2000
300 _a171p.
650 _aIndia - Economic conditions
700 _aAlternative Survey Group
999 _c395691
_d395691